[Event "ZMDI Open 2014"]
[Site "Dresden GER"]
[Date "2014.08.22"]
[Round "8.10"]
[White "Neef, Maximilian"]
[Black "Dann, Matthias"]
[Result "1/2-1/2"]
[WhiteTitle "FM"]
[BlackTitle "IM"]
[WhiteElo "2331"]
[BlackElo "2464"]
[WhiteFideId "24692085"]
[BlackFideId "24638056"]
[EventDate "2014.08.15"]

1. Nf3 Nf6 2. c4 g6 3. Nc3 Bg7 4. e4 O-O 5. d4 c6 6. Be2 d5 7. e5 Ne4 8. O-O
Nxc3 9. bxc3 dxc4 10. Bxc4 c5 11. Qe2 Nc6 12. d5 Na5 13. h3 b6 14. Rd1 Bb7 15.
Bb3 c4 16. Bc2 Bxd5 17. Be4 e6 18. Bg5 Qd7 19. Qd2 Rfe8 20. Bf6 Qc6 21. Bxg7
Kxg7 22. Bxd5 exd5 23. Qxd5 Qxd5 24. Rxd5 Re7 25. Nd4 Rc8 26. f4 Nb7 27. Nb5 Nc5
28. Nd6 Rc6 29. Rad1 Nd3 30. g3 f6 31. Nxc4 Nxe5 32. Nxe5 fxe5 33. Rxe5 Rxe5 34.
fxe5 Kf7 35. Rd7+ Ke6 36. Rxa7 Rxc3 37. Rxh7 Rxg3+ 38. Kf1 1/2-1/2

[Event "ZMDI Open 2014"]
[Site "Dresden GER"]
[Date "2014.08.22"]
[Round "8.11"]
[White "Loewe, Lennard"]
[Black "Izsak, Gyula"]
[Result "0-1"]
[BlackTitle "IM"]
[WhiteElo "2216"]
[BlackElo "2444"]
[WhiteFideId "24653268"]
[BlackFideId "702234"]
[EventDate "2014.08.15"]

1. e4 c5 2. Nf3 e6 3. d4 cxd4 4. Nxd4 a6 5. Bd3 Nf6 6. O-O Qc7 7. Qe2 d6 8. c4
Nc6 9. Nxc6 bxc6 10. Nc3 Be7 11. f4 Nd7 12. Be3 Bb7 13. c5 Nxc5 14. Bxc5 dxc5
15. e5 Qb6 16. Kh1 g6 17. Ne4 Rd8 18. Bc4 Rd4 19. g4 Qc7 20. Nf6+ Bxf6 21. exf6
Rxf4 22. Rxf4 Qxf4 23. Rf1 Qg5 24. Kg2 Bc8 25. Kg3 h5 26. h4 Qxg4+ 27. Qxg4 hxg4
28. Re1 Rh5 29. Kxg4 Rf5 30. Rf1 Re5 31. Kg3 a5 32. Kf4 Rf5+ 33. Kg4 Re5 34. Kf4
Rh5 35. Kg3 e5 36. Re1 Be6 37. Be2 Rf5 38. Bg4 Rxf6 39. Rxe5 Kd7 40. Rxc5 Bxg4
41. Kxg4 Rf2 42. Rxa5 Rxb2 43. a3 Ke6 44. Kf4 Rb5 45. Ra7 Rf5+ 46. Kg4 Rf1 47.
a4 f5+ 48. Kg3 Rg1+ 49. Kf3 Rg4 50. Rg7 Kf6 51. Rc7 Rxh4 52. Rxc6+ Kg5 53. a5
Rh3+ 54. Kg2 Ra3 55. Ra6 f4 56. Ra8 Kg4 57. a6 Ra2+ 58. Kf1 Kf3 59. Kg1 Kg3 60.
Kf1 f3 0-1

[Event "ZMDI Open 2014"]
[Site "Dresden GER"]
[Date "2014.08.22"]
[Round "8.12"]
[White "Farago, Ivan"]
[Black "Schuetze, Norman"]
[Result "1/2-1/2"]
[WhiteTitle "GM"]
[WhiteElo "2443"]
[BlackElo "2284"]
[WhiteFideId "700134"]
[BlackFideId "4659406"]
[EventDate "2014.08.15"]

1. d4 Nf6 2. c4 g6 3. Nc3 d5 4. cxd5 Nxd5 5. e4 Nxc3 6. bxc3 Bg7 7. Qa4+ Nd7 8.
Nf3 O-O 9. Be2 c5 10. O-O Nf6 11. d5 Bd7 12. Qc2 b5 13. Rd1 Qc7 14. Bg5 a6 15.
a4 Rfd8 16. e5 Bf5 17. Qa2 Ne4 18. d6 exd6 19. Bxd8 Rxd8 20. Qb2 c4 21. axb5
axb5 22. exd6 Nxd6 23. Nd4 Rb8 24. Qb4 Bf8 25. Bf3 Ne4 26. Qb2 b4 27. cxb4 Rxb4
28. Qc2 Nd6 29. Nxf5 Nxf5 30. Ra8 Nd6 31. g3 Rb8 32. Rxb8 Qxb8 33. Ra1 Qb4 34.
Ra4 Qc5 35. Ra6 h5 36. Rc6 Qb5 37. Qd1 Qe5 38. Bd5 c3 39. Qd3 Nf5 40. Rxg6+ Bg7
41. Rg5 Qe1+ 42. Kg2 Nd6 43. Qd4 Ne8 44. Qa7 Nd6 45. Qa8+ Kh7 46. Rxh5+ Kg6 47.
Qg8 Qd1 48. Bf3 c2 49. Rh4 Nf5 50. Bh5+ Kg5 51. Qxf7 Nxh4+ 52. gxh4+ Kxh4 53.
Bf3 Qh1+ 54. Kxh1 c1=Q+ 55. Kg2 Qg5+ 1/2-1/2

[Event "ZMDI Open 2014"]
[Site "Dresden GER"]
[Date "2014.08.22"]
[Round "8.13"]
[White "Gajek, Radoslaw"]
[Black "Fogarasi, Tibor"]
[Result "1-0"]
[WhiteTitle "FM"]
[BlackTitle "GM"]
[WhiteElo "2355"]
[BlackElo "2392"]
[WhiteFideId "1125893"]
[BlackFideId "700363"]
[EventDate "2014.08.15"]

1. Nf3 c5 2. c4 g6 3. d4 Bg7 4. e4 cxd4 5. Nxd4 b6 6. Nc3 Bb7 7. Be3 d6 8. Qd2
Nf6 9. f4 Nbd7 10. Be2 a6 11. O-O O-O 12. Rac1 Rc8 13. Rfd1 Re8 14. Nd5 e6 15.
Nb4 a5 16. Nd3 d5 17. e5 dxc4 18. exf6 cxd3 19. fxg7 Rxc1 20. Rxc1 dxe2 21. Nb5
Nc5 22. Nd6 Ba6 23. Nxe8 Qxe8 24. Qd6 Nd7 25. Bxb6 1-0

[Event "ZMDI Open 2014"]
[Site "Dresden GER"]
[Date "2014.08.22"]
[Round "8.14"]
[White "Turikov, Viktor"]
[Black "Enchev, Ivajlo"]
[Result "1-0"]
[WhiteTitle "FM"]
[BlackTitle "IM"]
[WhiteElo "2256"]
[BlackElo "2393"]
[WhiteFideId "4107810"]
[BlackFideId "2907712"]
[EventDate "2014.08.15"]

1. e3 g6 2. Nf3 Bg7 3. c4 c5 4. Be2 Nf6 5. Nc3 O-O 6. O-O Nc6 7. d3 d5 8. cxd5
Nxd5 9. Ne4 b6 10. a3 Qd7 11. Qc2 Bb7 12. Rb1 Rac8 13. Bd2 Rfd8 14. Rfd1 f5 15.
Ng3 e6 16. Qb3 Kh8 17. Rbc1 Ne5 18. Nxe5 Bxe5 19. Bf3 Bc6 20. Qc2 Ba4 21. b3 Bb5
22. Be1 Rc7 23. Qb1 Qg7 24. a4 Ba6 25. Bxd5 Rxd5 26. b4 Rcd7 27. bxc5 bxc5 28.
d4 cxd4 29. Rc6 Bb7 30. Rxe6 Qf7 31. Rxe5 Rxe5 32. exd4 Qd5 33. f3 Re3 34. Nf1
Re6 35. Qc1 Kg8 36. Qf4 Re2 37. Bh4 Qd6 38. Qg5 Qd5 39. Qf4 Kg7 40. Bg5 Qb3 41.
Rd2 Re8 42. Qh4 Ba6 43. Ne3 Kg8 44. Qf4 Qxa4 45. Bh6 Qb5 46. Kf2 Re6 47. Qg5 Qb4
48. Rd1 Qd6 49. Qh4 Rb7 50. d5 Re8 51. Bf4 Qe7 52. Qg3 Qc5 53. Qg5 Rd7 54. Qf6
Qb5 55. Be5 Qe2+ 56. Kg3 f4+ 57. Qxf4 Rf7 58. Qd4 Bc8 59. d6 Be6 60. h3 Rc8 61.
Qe4 Qa2 62. Bc3 Rxc3 63. Qe5 1-0

[Event "ZMDI Open 2014"]
[Site "Dresden GER"]
[Date "2014.08.22"]
[Round "8.15"]
[White "Koop, Thorben"]
[Black "Langheinrich, Ferenc"]
[Result "1-0"]
[WhiteElo "2194"]
[BlackElo "2439"]
[WhiteFideId "24661619"]
[BlackFideId "4641973"]
[EventDate "2014.08.15"]

1. Nf3 d5 2. g3 Nc6 3. d4 Bf5 4. c4 e6 5. Bg2 Nb4 6. Na3 c6 7. O-O Nf6 8. Bd2 a5
9. cxd5 exd5 10. Nh4 Be4 11. f3 Bg6 12. Bc3 Be7 13. Nb1 c5 14. Nd2 Nc6 15. Nb3
c4 16. Nxg6 hxg6 17. Nc1 b5 18. Be1 Qb6 19. Bf2 Rd8 20. e3 O-O 21. g4 Rfe8 22.
h4 a4 23. a3 Na5 24. g5 Nh7 25. f4 Nf8 26. Bf3 Ne6 27. Kg2 c3 28. bxc3 Nc4 29.
Rh1 Bxa3 30. Nd3 Qa5 31. Rxa3 Nxa3 32. Nb4 Qc7 33. h5 Nxf4+ 34. exf4 Qxf4 35.
Qc1 Qxc1 36. Rxc1 gxh5 37. Bxh5 Nc4 38. Bf3 Ne3+ 39. Bxe3 Rxe3 40. Kf2 Rde8 41.
Nxd5 Rd3 42. Rc2 Rd8 43. Nf4 Rxc3 44. Rxc3 Rxd4 45. Rc5 Rd7 46. Ke3 Rd6 47. Be4
g6 48. Nd5 1-0

[Event "ZMDI Open 2014"]
[Site "Dresden GER"]
[Date "2014.08.22"]
[Round "8.16"]
[White "Sundararajan, Kidambi"]
[Black "Vogel, Jaap"]
[Result "1-0"]
[WhiteTitle "GM"]
[BlackTitle "FM"]
[WhiteElo "2424"]
[BlackElo "2224"]
[WhiteFideId "5005370"]
[BlackFideId "1000764"]
[EventDate "2014.08.15"]

1. Nf3 d5 2. g3 Nf6 3. Bg2 e6 4. O-O Be7 5. c4 O-O 6. d4 c6 7. Qc2 Nbd7 8. Rd1
b6 9. b3 Bb7 10. Nc3 h6 11. Bb2 Rc8 12. e4 dxe4 13. Nxe4 Qc7 14. Nc3 b5 15. c5
b4 16. Ne2 Nd5 17. a3 a5 18. axb4 axb4 19. Ne1 N7f6 20. Nd3 Ra8 21. Nef4 Ba6 22.
Qd2 Bxd3 23. Nxd3 Qb7 24. Bf3 Rfd8 25. Kg2 Qb5 26. Qc2 Qb7 27. Qc4 Rdb8 28. Re1
Bd8 29. Reb1 Be7 30. Ra4 Rxa4 31. bxa4 Ra8 32. Qb3 Bd8 33. Bc1 Ba5 34. Bd2 Rd8
35. Qc4 Rb8 36. Rb2 Kh8 37. Qc1 Kg8 38. Rb3 Rd8 39. Qc2 Rb8 40. h4 Rd8 41. Qc1
Rb8 42. g4 Qc8 43. g5 hxg5 44. hxg5 Nd7 45. Qe1 Nf8 46. Ne5 Bd8 47. Qh1 f6 48.
gxf6 Bxf6 49. Be4 Qc7 50. Qh5 Bxe5 51. dxe5 Qf7 52. Qg4 Rb7 53. a5 Qe7 54. Rh3
b3 55. Qh5 b2 56. Qh8+ Kf7 57. Rf3+ Ke8 58. Bg6+ Kd7 59. Rxf8 b1=Q 60. Bxb1 Rxb1
61. Ra8 1-0

[Event "ZMDI Open 2014"]
[Site "Dresden GER"]
[Date "2014.08.22"]
[Round "8.17"]
[White "Karasik, Evgeni"]
[Black "Klenburg, Mikhail"]
[Result "1/2-1/2"]
[BlackTitle "IM"]
[WhiteElo "2221"]
[BlackElo "2368"]
[WhiteFideId "2803941"]
[BlackFideId "14102072"]
[EventDate "2014.08.15"]

1. Nf3 Nf6 2. c4 g6 3. Nc3 Bg7 4. g3 O-O 5. Bg2 d6 6. O-O e5 7. d3 h6 8. Bd2 Nc6
9. Rb1 a5 10. a3 Be6 11. b4 axb4 12. axb4 Qd7 13. b5 Ne7 14. Qc1 Kh7 15. Ne1 1/2-1/2

[Event "ZMDI Open 2014"]
[Site "Dresden GER"]
[Date "2014.08.22"]
[Round "8.18"]
[White "Namyslo, Holger"]
[Black "Mueller, Fabian"]
[Result "0-1"]
[WhiteTitle "FM"]
[BlackTitle "FM"]
[WhiteElo "2211"]
[BlackElo "2324"]
[WhiteFideId "4607430"]
[BlackFideId "4664060"]
[EventDate "2014.08.15"]

1. e4 c5 2. Nf3 e6 3. d4 cxd4 4. Nxd4 Nc6 5. Nc3 Qc7 6. g3 a6 7. Bg2 d6 8. O-O
Bd7 9. a4 Nf6 10. Nb3 Be7 11. a5 O-O 12. f4 b5 13. Qe2 Rae8 14. g4 b4 15. Nd1
Nb8 16. g5 Bb5 17. Qd2 Nh5 18. Rf2 e5 19. f5 Nf4 20. h4 h6 21. f6 gxf6 22. gxh6
Kh8 23. h7 f5 24. Ne3 Bxh4 25. Nxf5 Bxf2+ 26. Qxf2 Qd8 27. Bxf4 exf4 28. Qd4+
Re5 29. Nxd6 Nc6 30. Qd2 f3 31. Bxf3 Qh4 32. Nxb5 Rxb5 33. Qd6 Rc8 34. Rf1 Rg5+
35. Bg2 Qg4 36. Rf2 Rd8 37. Qf6+ Rg7 38. Nd2 Qg5 39. e5 Rxd2 40. Qxg5 Rd1+ 41.
Kh2 Rxg5 42. Bxc6 Rd4 43. Bg2 Rh4+ 44. Bh3 Rxh7 45. Re2 Rgh5 46. Re3 Kg8 47. Kg2
Kf8 48. c3 Rh4 49. Bc8 Rh2+ 50. Kg3 Rxb2 51. cxb4 Rxb4 52. Bxa6 Ra4 53. e6 f6
54. Bc8 Rxa5 55. Rd3 Rg5+ 56. Kf2 Rh2+ 57. Kf1 Rc5 58. Rd8+ Ke7 59. Rd7+ Ke8 0-1

[Event "ZMDI Open 2014"]
[Site "Dresden GER"]
[Date "2014.08.22"]
[Round "8.19"]
[White "Braeuer, Franz"]
[Black "Grigorian, Spartak"]
[Result "1-0"]
[WhiteElo "2317"]
[BlackElo "2183"]
[WhiteFideId "24634468"]
[BlackFideId "24661490"]
[EventDate "2014.08.15"]

1. Nf3 c5 2. c4 g6 3. d4 cxd4 4. Nxd4 Bg7 5. e4 Nc6 6. Be3 Nf6 7. Nc3 Ng4 8.
Qxg4 Nxd4 9. Qd1 Nc6 10. Rc1 O-O 11. Be2 a6 12. O-O d6 13. Qd2 Qa5 14. Rfd1 Bxc3
15. Rxc3 Be6 16. a3 Rfc8 17. Rdc1 Qe5 18. f4 Qg7 19. f5 gxf5 20. Bh6 Qd4+ 21.
Qxd4 Nxd4 22. Rg3+ Kh8 23. Bg7+ Kg8 24. Bxd4+ 1-0

[Event "ZMDI Open 2014"]
[Site "Dresden GER"]
[Date "2014.08.22"]
[Round "8.20"]
[White "Syperek, Sebastian"]
[Black "Mueller, Michael1"]
[Result "1-0"]
[BlackTitle "FM"]
[WhiteElo "2198"]
[BlackElo "2246"]
[WhiteFideId "4645758"]
[BlackFideId "4622081"]
[EventDate "2014.08.15"]

1. Nf3 d5 2. g3 Nf6 3. Bg2 c6 4. O-O g6 5. d3 Bg7 6. Nbd2 O-O 7. e4 dxe4 8. dxe4
Na6 9. Qe2 Qc7 10. Nc4 Be6 11. Bf4 Qc8 12. Ng5 Nh5 13. Nxe6 Qxe6 14. Bc1 Rfd8
15. Na5 Nc5 16. Nb3 Nxb3 17. axb3 Bd4 18. c3 Bb6 19. Qc4 Qd6 20. Qe2 Qd3 21. Bf3
Nf6 22. Qxd3 Rxd3 23. Kg2 Rad8 24. Bg5 Kf8 25. e5 Nd7 26. Be4 Nxe5 27. Bxd3 Nxd3
28. Rfd1 f6 29. Be3 e5 30. Bxb6 axb6 31. f3 Ke7 32. Kf1 f5 33. Ke2 e4 34. fxe4
fxe4 35. Ra4 Nc5 36. Rxd8 Kxd8 37. Rd4+ Ke7 38. b4 Na4 39. Rxe4+ Kf7 40. Rd4 Ke7
41. Rh4 h5 42. g4 hxg4 43. Rh7+ Kd6 44. Rxb7 Nxb2 45. Rg7 Kd5 46. Rxg6 Na4 47.
Kd2 c5 48. Rxg4 cxb4 49. Rxb4 Nc5 50. Rxb6 Ne4+ 51. Kc2 Ke5 52. h4 Ng3 53. h5
Nf1 54. h6 Ne3+ 55. Kd3 Nd5 56. Rb5 Ke6 57. Rxd5 1-0

[Event "ZMDI Open 2014"]
[Site "Dresden GER"]
[Date "2014.08.22"]
[Round "8.21"]
[White "Heck, Norbert"]
[Black "Stabolewski, Andreas"]
[Result "0-1"]
[WhiteTitle "FM"]
[WhiteElo "2239"]
[BlackElo "2181"]
[WhiteFideId "4622928"]
[BlackFideId "4617851"]
[EventDate "2014.08.15"]

1. g3 Nf6 2. Bg2 d5 3. Nf3 c5 4. O-O Nc6 5. d4 Bg4 6. Ne5 cxd4 7. Nxg4 Nxg4 8.
e3 Nf6 9. exd4 e6 10. c3 Bd6 11. Bg5 h6 12. Bxf6 Qxf6 13. Nd2 O-O 14. Nf3 b5 15.
a3 Rfc8 16. Re1 Rab8 17. Qe2 Qd8 18. Bh3 Rb7 19. Nh4 Rcb8 20. Qe3 Na5 21. f4 Nc4
22. Qf2 Qc7 23. Kh1 a5 24. f5 e5 25. b3 Nb6 26. f6 g6 27. Qe3 exd4 28. cxd4 Qd8
29. Rf1 Qf8 30. Rae1 Bxa3 31. Qd3 a4 32. Nxg6 fxg6 33. Qxg6+ Kh8 34. Bf5 Rf7 35.
Rf4 Rbb7 36. Rh4 Rxf6 37. Rxh6+ Qxh6 38. Re8+ Bf8 0-1

[Event "ZMDI Open 2014"]
[Site "Dresden GER"]
[Date "2014.08.22"]
[Round "8.22"]
[White "Roos, Kseniya"]
[Black "Buechmann, Ole"]
[Result "1-0"]
[WhiteTitle "WIM"]
[WhiteElo "2272"]
[BlackElo "2117"]
[WhiteFideId "4131428"]
[BlackFideId "4675053"]
[EventDate "2014.08.15"]

1. g3 d5 2. Bg2 Nf6 3. d3 c5 4. Nd2 Nc6 5. Ngf3 e6 6. O-O Be7 7. e4 O-O 8. Re1
b5 9. e5 Nd7 10. Nf1 a5 11. h4 Ba6 12. N1h2 b4 13. Bf4 a4 14. Ng5 Qe8 15. Qh5
Bxg5 16. hxg5 f5 17. Qh3 b3 18. axb3 axb3 19. c4 Nb6 20. cxd5 Nxd5 21. Bxd5 exd5
22. e6 Qe7 23. Nf3 g6 24. Qh6 Bxd3 25. Ne5 Nxe5 26. Bxe5 Rfe8 27. Bf6 Qf8 28.
Rxa8 Rxa8 29. Qh1 Be4 30. f3 Bc2 31. e7 Qf7 32. Qh6 Re8 33. Re5 d4 34. Rxc5 1-0

[Event "ZMDI Open 2014"]
[Site "Dresden GER"]
[Date "2014.08.22"]
[Round "8.23"]
[White "Knaak, Joachim"]
[Black "Osmanodja, Filiz"]
[Result "0-1"]
[BlackTitle "WIM"]
[WhiteElo "2150"]
[BlackElo "2295"]
[WhiteFideId "12921009"]
[BlackFideId "24633569"]
[EventDate "2014.08.15"]

1. d4 Nf6 2. c4 e6 3. Nf3 d5 4. Nc3 Be7 5. e3 O-O 6. Bd3 c5 7. O-O a6 8. cxd5
exd5 9. dxc5 Bxc5 10. b3 Bg4 11. Bb2 Nc6 12. Be2 Ba7 13. Nd4 Bd7 14. Bf3 Nxd4
15. exd4 Bf5 16. Re1 Qd6 17. Re5 Be6 18. Rc1 b5 19. g3 Rac8 20. Re2 Rfd8 21. Qd3
Qb6 22. Rd2 g6 23. Kg2 Re8 24. Rdd1 Qd6 25. Qd2 Bf5 26. Re1 Rxe1 27. Rxe1 b4 28.
Nd1 Rc7 29. Qe3 Ne4 30. Re2 Rc8 31. Kg1 Re8 32. Qc1 Bd7 33. Qc2 Rc8 34. Qb1 Bf5
35. Qa1 Ng5 36. Bg2 Bg4 37. Re3 f5 38. Qb1 Bh3 39. Qd3 Bxg2 40. Kxg2 f4 41. Re5
Ne6 42. Qf3 Rd8 43. Qd3 Rf8 44. f3 Bb8 45. g4 Qc6 46. Re2 Rc8 47. Nf2 Ba7 48.
Rd2 a5 49. Nh3 a4 50. bxa4 Qxa4 51. Qb3 Qb5 52. Ng1 Rc4 53. Ne2 Qa5 54. h4 Bb6
55. Kh3 Qa7 56. Rd3 Qe7 57. Qd1 Bd8 58. g5 h6 59. gxh6 Qxh4+ 60. Kg2 Qxh6 61.
Qa4 Qg5+ 62. Kf1 Qe7 63. Qb5 Rc2 64. Bc1 Rxe2 65. Qxd5 Rc2 66. Bxf4 Qf7 67. Re3
Qxf4 68. Rxe6 Kg7 69. Re8 Rc1+ 70. Ke2 0-1

[Event "ZMDI Open 2014"]
[Site "Dresden GER"]
[Date "2014.08.22"]
[Round "8.24"]
[White "Budzyn, Matthias"]
[Black "Roesemann, Rainer"]
[Result "1/2-1/2"]
[BlackTitle "FM"]
[WhiteElo "2145"]
[BlackElo "2255"]
[WhiteFideId "24600636"]
[BlackFideId "4610296"]
[EventDate "2014.08.15"]

1. e4 c6 2. d4 d5 3. e5 Bf5 4. Nf3 e6 5. Be2 c5 6. O-O Nc6 7. Be3 cxd4 8. Nxd4
Nxd4 9. Qxd4 Ne7 10. Bb5+ Nc6 11. Qa4 Qd7 12. c4 a6 13. cxd5 exd5 14. Nc3 Be7
15. Rfd1 O-O 16. Bxc6 bxc6 17. h3 Rfb8 18. Qd4 Rb4 19. Qd2 Rab8 20. b3 Qe6 21.
Ne2 Be4 22. Rac1 h6 23. Bc5 Bxc5 24. Rxc5 R8b6 25. f3 Bxf3 26. gxf3 Qxh3 27. f4
Qg4+ 28. Kf2 Qh4+ 29. Kf3 Re4 30. Ng3 Rbb4 31. Nxe4 dxe4+ 32. Kg2 Qg4+ 33. Kh2
e3 34. Qd8+ Kh7 35. Qd3+ g6 36. Rc4 Qh4+ 37. Kg2 Qf2+ 38. Kh3 Qf3+ 39. Kh2 Qf2+
40. Kh3 Qf3+ 41. Kh2 Qf2+ 42. Kh3 1/2-1/2

[Event "ZMDI Open 2014"]
[Site "Dresden GER"]
[Date "2014.08.22"]
[Round "8.25"]
[White "Stigar, Petter"]
[Black "Schulz, Petra"]
[Result "1-0"]
[WhiteTitle "FM"]
[BlackTitle "WFM"]
[WhiteElo "2228"]
[BlackElo "2098"]
[WhiteFideId "1500341"]
[BlackFideId "4612663"]
[EventDate "2014.08.15"]

1. Nf3 Nf6 2. c4 g6 3. g3 Bg7 4. Bg2 d6 5. d4 O-O 6. O-O Nbd7 7. Nc3 e5 8. e4 a6
9. dxe5 dxe5 10. Qc2 c6 11. h3 b5 12. Be3 Qe7 13. Rfd1 b4 14. Na4 c5 15. Nd2 Bb7
16. Nb3 Rac8 17. Rd2 Rc7 18. Rad1 Rfc8 19. Rd6 Bf8 20. R6d2 h5 21. Bg5 Qe6 22.
Na5 Ba8 23. h4 Nb6 24. Nxb6 Qxb6 25. Nb3 Kg7 26. f3 Be7 27. Rd3 Ne8 28. Bh3 Rb8
29. Bxe7 Rxe7 30. Qf2 Rc7 31. Rd8 Rc6 32. Qd2 Rxd8 33. Qxd8 Nc7 34. Qe7 Rf6 35.
Rd8 Ne6 36. Bxe6 Rxe6 37. Qf8+ 1-0

[Event "ZMDI Open 2014"]
[Site "Dresden GER"]
[Date "2014.08.22"]
[Round "8.26"]
[White "Lipinsky, Markus"]
[Black "Barthel, Ansgar"]
[Result "0-1"]
[WhiteElo "2142"]
[BlackElo "2216"]
[WhiteFideId "4639820"]
[BlackFideId "4643461"]
[EventDate "2014.08.15"]

1. d4 d5 2. c4 e6 3. Nf3 c5 4. e3 Nf6 5. cxd5 exd5 6. Nc3 Nc6 7. dxc5 Bxc5 8.
Na4 Be7 9. Bd2 O-O 10. Be2 Ne4 11. O-O Bf6 12. Bc3 Nxc3 13. Nxc3 Be6 14. Rc1 d4
15. exd4 Nxd4 16. Nxd4 Bxd4 17. b3 Rc8 18. Ne4 Qb6 19. Qd3 Rxc1 20. Rxc1 f5 21.
Ng5 Bxf2+ 22. Kh1 Kh8 23. Bf3 Bg8 24. Rf1 Qe3 25. Qc2 Bh4 26. Nh3 b6 27. g3 Be7
28. Qc7 a5 29. Nf4 Bc5 30. Bg2 Qd2 31. Nh5 Qh6 32. Nf4 Qd6 33. Qb7 Rb8 34. Qf3
Rd8 35. Qh5 g6 36. Qf3 Qd2 37. Qb7 Qxa2 38. Nd5 Qxg2+ 0-1

[Event "ZMDI Open 2014"]
[Site "Dresden GER"]
[Date "2014.08.22"]
[Round "8.27"]
[White "Humburg, Philipp"]
[Black "Reinemer, Frank"]
[Result "1-0"]
[WhiteElo "2087"]
[BlackElo "2203"]
[WhiteFideId "24656151"]
[BlackFideId "4610849"]
[EventDate "2014.08.15"]

1. d4 c5 2. d5 e5 3. e4 d6 4. Nc3 g6 5. h4 h5 6. Nf3 a6 7. a4 Bg7 8. Nd2 Nd7 9.
a5 b5 10. axb6 Nxb6 11. Nb3 Ne7 12. Bg5 f6 13. Be3 Bh6 14. Bxh6 Rxh6 15. Qd2 Rh8
16. f4 Nd7 17. g3 Kf7 18. Na5 Nb6 19. Be2 Bg4 20. fxe5 fxe5 21. Qg5 Bd7 22. Nb7
Qf8 23. Rf1+ 1-0

[Event "ZMDI Open 2014"]
[Site "Dresden GER"]
[Date "2014.08.22"]
[Round "8.28"]
[White "Hansch, Karsten"]
[Black "Hocke, Sebastian"]
[Result "1/2-1/2"]
[WhiteElo "2181"]
[BlackElo "2000"]
[WhiteFideId "24692239"]
[BlackFideId "24678724"]
[EventDate "2014.08.15"]

1. c4 e5 2. g3 Nf6 3. Bg2 d5 4. cxd5 Nxd5 5. Nc3 Nb6 6. Nf3 Nc6 7. O-O Be7 8. a3
O-O 9. b4 Re8 10. d3 Bf8 11. Bb2 a5 12. b5 Nd4 13. Nd2 a4 14. e3 Ne6 15. Nc4
Nxc4 16. dxc4 Nc5 17. Qxd8 Rxd8 18. Nd5 Bd6 19. Rad1 Bg4 1/2-1/2

[Event "ZMDI Open 2014"]
[Site "Dresden GER"]
[Date "2014.08.22"]
[Round "8.29"]
[White "Oehl, Tim"]
[Black "Bohn, Ulrich"]
[Result "1/2-1/2"]
[WhiteElo "2120"]
[BlackElo "2167"]
[WhiteFideId "12920967"]
[BlackFideId "4656105"]
[EventDate "2014.08.15"]

1. Nf3 Nf6 2. g3 g6 3. b3 Bg7 4. Bb2 c5 5. c4 Nc6 6. Bg2 O-O 7. O-O d6 8. d3 Re8
9. Qd2 Rb8 10. Nc3 a6 11. a4 Bg4 12. e3 Qc8 13. Rfe1 Nd7 14. Rf1 Nde5 15. Ne1
Bh3 16. Ne2 b5 17. d4 Bxg2 18. Kxg2 cxd4 19. exd4 bxc4 20. dxe5 Rxb3 21. Bc3
Nxe5 22. Rc1 Qc6+ 23. Kg1 Qxa4 24. f4 Ng4 25. Bxg7 Kxg7 26. Qd4+ f6 27. Ng2 Rb4
28. Nc3 Qc6 29. h3 Nh6 30. g4 e5 31. fxe5 fxe5 32. Qd5 Qb6+ 33. Kh1 Re7 34. Ne4
Nf7 35. Rxc4 Rb5 36. Rc6 Qb7 37. Rxf7+ Rxf7 38. Qxd6 Qe7 39. Rxa6 Qxd6 40. Nxd6
Rb1+ 41. Kh2 Rf3 42. Ra7+ Kg8 43. Ra2 h6 44. Nh4 Rf6 45. Ne4 Rfb6 46. Kg3 R6b3+
47. Nf3 Rf1 48. Rf2 Re1 49. Nd2 1/2-1/2

[Event "ZMDI Open 2014"]
[Site "Dresden GER"]
[Date "2014.08.22"]
[Round "8.30"]
[White "Stock, Andreas"]
[Black "Schnoor, Ekkehard"]
[Result "1-0"]
[WhiteElo "2085"]
[BlackElo "2165"]
[WhiteFideId "4616430"]
[BlackFideId "24639753"]
[EventDate "2014.08.15"]

1. c4 c5 2. Nc3 Nc6 3. g3 g6 4. Bg2 Bg7 5. e4 e6 6. Nge2 Nge7 7. O-O O-O 8. d3
d6 9. Be3 Nd4 10. Rb1 Nec6 11. a3 Qd7 12. b4 Rb8 13. b5 Ne7 14. Qd2 Rd8 15. Bh6
Bh8 16. Nxd4 cxd4 17. Ne2 b6 18. Qb2 d5 19. cxd5 exd5 20. Bf4 Rb7 21. e5 g5 22.
Bxg5 Bxe5 23. Bf4 Bg7 24. Rbc1 Qf5 25. Qd2 Be6 26. Bh6 Bh8 27. Nf4 Qf6 28. Nxe6
fxe6 29. Bg5 Qf7 30. Bh3 Re8 31. Rfe1 Ng6 32. Rc8 Rxc8 33. Bxe6 Ne5 34. Bxf7+
Rxf7 35. Rxe5 Bxe5 36. Qe2 Bg7 37. Qe6 Rc3 38. Qxd5 Rxd3 39. Qa8+ Rf8 40. Qxa7
Rdf3 41. Bf4 Rb3 42. Qxb6 Rxa3 43. Qe6+ Kh8 44. Be5 Ra1+ 45. Kg2 Ra4 46. Qe7 Rg8
47. b6 Ra1 48. Bxg7+ Rxg7 49. Qd8+ 1-0

[Event "ZMDI Open 2014"]
[Site "Dresden GER"]
[Date "2014.08.22"]
[Round "8.32"]
[White "Urban, Lars"]
[Black "Viebahn, Dirk"]
[Result "1-0"]
[WhiteElo "2064"]
[BlackElo "2163"]
[WhiteFideId "4644034"]
[BlackFideId "4660790"]
[EventDate "2014.08.15"]

1. d4 d5 2. c4 c6 3. Nf3 Nf6 4. e3 Bf5 5. cxd5 cxd5 6. Nc3 e6 7. Ne5 Nc6 8. Bb5
Rc8 9. g4 Bg6 10. h4 h6 11. Nxg6 fxg6 12. Qd3 Kf7 13. Bd2 Nb4 14. Qb1 Ne4 15. a3
Nxd2 16. Kxd2 Nc6 17. h5 Qf6 18. Qxg6+ Qxg6 19. hxg6+ Kxg6 20. f4 Kf7 21. Raf1
Bd6 22. f5 e5 23. Bxc6 bxc6 24. b4 exd4 25. exd4 a5 26. bxa5 Bxa3 27. Ra1 Bd6
28. a6 Rc7 29. Rhb1 Ra8 30. Rb6 Ke7 31. Re1+ Kd7 32. Re6 Bf4+ 33. Kd3 Re8 34.
Na4 Bd6 35. Rg6 Bf8 36. Nc5+ Bxc5 37. dxc5 Re7 38. Rd6+ Kc8 39. Rdxc6 Rxc6 40.
Rxc6+ Kb8 41. Rg6 Rf7 42. Kd4 h5 43. gxh5 Rxf5 44. Rxg7 Rxh5 45. c6 Rh4+ 46. Kc5
Ka8 47. c7 Rh8 48. Rd7 1-0

[Event "ZMDI Open 2014"]
[Site "Dresden GER"]
[Date "2014.08.22"]
[Round "8.33"]
[White "Bassetti, Danilo"]
[Black "Baskin, Robert"]
[Result "0-1"]
[WhiteElo "1965"]
[BlackElo "2152"]
[WhiteFideId "876623"]
[BlackFideId "24662402"]
[EventDate "2014.08.15"]

1. Nf3 Nf6 2. g3 g6 3. Bg2 Bg7 4. d4 O-O 5. c4 d6 6. O-O c6 7. Nc3 Qb6 8. Qc2
Bf5 9. Qb3 Na6 10. Qxb6 axb6 11. a3 Ne4 12. Nxe4 Bxe4 13. Be3 c5 14. Rfd1 Rfc8
15. Rac1 Nc7 16. Ne1 Bxg2 17. Kxg2 Ne6 18. Nf3 Ra4 19. dxc5 bxc5 20. Rc2 Rb8 21.
Ng5 Nxg5 22. Bxg5 Kf8 23. Rd3 b5 24. Rb3 Raa8 25. cxb5 Ra5 26. b6 Ra6 27. Be3
Ke8 28. Rd2 Bf8 29. Rb5 Rbxb6 30. Rxb6 Rxb6 31. b4 e6 32. bxc5 dxc5 33. Kf3 Ra6
34. Rc2 Rxa3 35. Ke4 Ra5 36. Ke5 Be7 37. h4 Kd7 38. Ke4 Ra4+ 39. Kd3 Kd6 40. f3
h5 41. Bf2 f5 42. Rc1 Kd5 43. Rc2 c4+ 44. Ke3 Bc5+ 45. Kf4 c3+ 46. e4+ fxe4 47.
Bxc5 Kxc5 48. Rxc3+ Kd4 49. Rc1 e5+ 50. Kg5 exf3 51. Kxg6 e4 52. Rd1+ Ke5 53.
Kxh5 e3 54. Rd3 Re4 55. g4 f2 0-1